00822nam a2200253 i 4500001000300000100001900003245009900022246003200121260004700153300002800200500003900228504001200267650001700279655001800296700003400314015001800348020001800366040000800384041001300392044000800405080001600413008004100429856009800470bg1 aKrawetz, Neal.10aHacking Ubuntu :bkonfiguracja i optymalizacja /cNeal Krawetz ; [tł. Robert Górczyński]. iTyt. oryg.:aHacking Ubuntu aGliwice :bWydawnictwo Helion,ccop. 2008. a466 s. :bil. ;c24 cm. aTyt. oryg.: "Hacking Ubuntu" 2007. aIndeks. 9aUbuntu Linux aPodręczniki1 aGórczyński, Robert.eTł. aPB 18575/2008 a9788324613182 cBPK1 apolheng aPOL a004.451(07)080708s2008 pl a f f |001 0 pol  uhttp://koha.tu.koszalin.pl/cgi-bin/koha/opac-detail.pl?biblionumber=55428yKatalog online BPK